[Event "Oravska Priehrada op"]
[Site "Namestovo"]
[Date "2017.08.26"]
[Round "2"]
[White "Hudak, Michal"]
[Black "Jurco, Jan"]
[Result "0-1"]
[WhiteElo "1037"]
[BlackElo "1597"]
[PlyCount "72"]
[EventDate "2017.08.25"]
[EventType "swiss"]
[EventRounds "7"]
[EventCountry "SVK"]
[SourceTitle "CBM 180 Extra"]
[Source "ChessBase"]
[SourceDate "2017.10.06"]
[SourceVersion "1"]
[SourceVersionDate "2017.10.06"]
[SourceQuality "1"]

1. c4 Nf6 2. Nc3 e6 3. d3 d5 4. Qc2 Nc6 5. a3 Nd4 6. Qd1 c5 7. e3 Nc6 8. Bd2 d4 9. Nce2 dxe3 10. Bxe3 Bd6 11. Nf3 0-0 12. d4 cxd4 13. Nexd4 Nxd4 14. Nxd4 Bc5 15. b4 Bxd4 16. Bxd4 b6 17. Qf3 Rb8 18. Bd3 Qxd4 19. Rd1 Qg4 20. Qxg4 Nxg4 21. 0-0 Bb7 22. Be2 Nf6 23. Rd3 Rbd8 24. Rg3 Rd2 25. Bd1 Rfd8 26. Bb3 g6 27. Rf3 Bxf3 28. gxf3 R8d3 29. Ba4 Rxf3 30. Bc6 Rxa3 31. Kh1 Ng4 32. Bf3 Nxf2+ 33. Kg1 Rxf3 34. Rxf2 Rfxf2 35. c5 Ra2 36. Kh1 Rf1# 0-1

[Event "Oravska Priehrada op"]
[Site "Namestovo"]
[Date "2017.08.25"]
[Round "1"]
[White "Jurco, Jan"]
[Black "Ambrozi, Peter"]
[Result "0-1"]
[WhiteElo "1597"]
[BlackElo "1979"]
[PlyCount "82"]
[EventDate "2017.08.25"]
[EventType "swiss"]
[EventRounds "7"]
[EventCountry "SVK"]
[SourceTitle "CBM 180 Extra"]
[Source "ChessBase"]
[SourceDate "2017.10.06"]
[SourceVersion "1"]
[SourceVersionDate "2017.10.06"]
[SourceQuality "1"]

1. e4 c5 2. Nf3 d6 3. Bb5+ Bd7 4. Bxd7+ Nxd7 5. 0-0 g6 6. c3 Bg7 7. d4 Qc7 8. Re1 e5 9. dxe5 dxe5 10. Nbd2 Ne7 11. Nc4 0-0 12. Ne3 c4 13. Nxc4 Rfd8 14. Qe2 Nc5 15. Ne3 Nxe4 16. Nd5 Nxd5 17. Qxe4 f6 18. Be3 Nxe3 19. Qxe3 Bf8 20. Qe2 Bc5 21. Rad1 Kg7 22. Rxd8 Rxd8 23. Rd1 Qb6 24. Rxd8 Qxd8 25. Qd2 Qxd2 26. Nxd2 b5 27. a3 Kf7 28. Kf1 Ke6 29. Ke2 f5 30. f3 Kd5 31. Kd3 Bf2 32. Ke2 Bg1 33. h3 e4 34. fxe4+ fxe4 35. b3 Bc5 36. c4+ bxc4 37. bxc4+ Kd4 38. a4 Bb4 39. c5 Bxd2 40. Kxd2 Kxc5 41. Ke3 Kd5 0-1

[Event "SVK-ch Seniors-B"]
[Site "Tatranske Matliare"]
[Date "2011.05.??"]
[Round "1"]
[White "Jurco, Jan"]
[Black "Jambrich, Miroslav"]
[Result "0-1"]
[WhiteElo "1690"]
[BlackElo "1913"]
[PlyCount "94"]
[EventDate "2011.05.27"]
[EventType "swiss"]
[EventRounds "9"]
[EventCountry "SVK"]
[SourceTitle "EXT 2023"]
[Source "ChessBase"]
[SourceDate "2022.10.05"]
[SourceVersion "1"]
[SourceVersionDate "2022.10.05"]
[SourceQuality "1"]

1. e4 e5 2. Nf3 Nc6 3. Bb5 Bc5 4. c3 Qf6 5. 0-0 a6 6. Bxc6 dxc6 7. d4 exd4 8. Nxd4 h5 9. Nf3 Bg4 10. h3 Bxf3 11. Qxf3 Qxf3 12. gxf3 0-0-0 13. Nd2 Ne7 14. Nb3 Bd6 15. Be3 g5 16. Kg2 Rdg8 17. Rg1 Ng6 18. Nd2 g4 19. fxg4 hxg4 20. hxg4 Ne5 21. f3 Nd3 22. Rh1 Nxb2 23. Rxh8 Rxh8 24. Rh1 Rxh1 25. Kxh1 c5 26. Kg2 Nd1 27. Nc4 Nxc3 28. Nxd6+ cxd6 29. a3 b5 30. Kf1 Nb1 31. Bc1 a5 32. Ke1 d5 33. exd5 Kd7 34. Bb2 Kd6 35. Kd1 b4 36. axb4 cxb4 37. Kc2 Na3+ 38. Kd3 Kxd5 39. g5 Nc4 40. Ba1 a4 41. f4 a3 42. f5 b3 43. g6 fxg6 44. fxg6 Ke6 45. Kc3 b2 46. Bxb2 axb2 47. Kc2 Kf6 0-1

[Event "CFriend Christmas email"]
[Site "Chessfriend.com"]
[Date "2006.12.12"]
[Round "?"]
[White "Bendig, Frank"]
[Black "Jurco, Jan"]
[Result "1-0"]
[WhiteElo "2364"]
[BlackElo "2147"]
[PlyCount "89"]
[EventDate "2006.??.??"]
[EventType "tourn (corr)"]
[EventRounds "14"]
[EventCountry "GER"]
[SourceTitle "Corr 2011"]
[Source "ChessBase"]
[SourceDate "2010.08.31"]
[SourceVersion "1"]
[SourceVersionDate "2010.08.31"]
[SourceQuality "1"]

1. Nf3 c5 2. g3 Nc6 3. Bg2 g6 4. 0-0 Bg7 5. c3 e5 6. d4 cxd4 7. cxd4 exd4 8. Na3 Nge7 9. Nb5 0-0 10. Nbxd4 Re8 11. Nb5 Nf5 12. Re1 d5 13. Bf4 Re7 14. Qd2 a6 15. Nc3 d4 16. Na4 Nd6 17. Nc5 Ne4 18. Nxe4 Rxe4 19. Ng5 Re8 20. Ne4 Qb6 21. Nd6 Re7 22. Rac1 a5 23. Bg5 Re6 24. Qf4 Qc7 25. Nb5 Qd7 26. Bh3 f5 27. Bg2 a4 28. Rc5 Re5 29. Bxc6 bxc6 30. Rxe5 Bxe5 31. Qxe5 cxb5 32. Rc1 Qe6 33. Qxb5 Bd7 34. Qb4 Qd5 35. Bh6 Re8 36. Rc7 g5 37. a3 g4 38. Qd2 Re7 39. Qg5+ Kf7 40. Qg7+ Ke6 41. Qh8 Qe4 42. Bg5 Rf7 43. b4 Qxe2 44. Rc1 f4 45. Qxd4 1-0

[Event "CFriend Christmas email"]
[Site "Chessfriend.com"]
[Date "2006.12.12"]
[Round "?"]
[White "Jurco, Jan"]
[Black "Bonow, Valdir Maas"]
[Result "1-0"]
[WhiteElo "2147"]
[BlackElo "2173"]
[PlyCount "51"]
[EventDate "2006.??.??"]
[EventType "tourn (corr)"]
[EventRounds "14"]
[EventCountry "GER"]
[SourceTitle "Corr 2011"]
[Source "ChessBase"]
[SourceDate "2010.08.31"]
[SourceVersion "1"]
[SourceVersionDate "2010.08.31"]
[SourceQuality "1"]

1. e4 c5 2. Nf3 Nc6 3. Bb5 e5 4. 0-0 Nf6 5. Bxc6 dxc6 6. Nxe5 Bd6 7. Nf3 0-0 8. e5 Re8 9. exd6 Qxd6 10. d4 Bg4 11. dxc5 Qxd1 12. Rxd1 Rad8 13. Rxd8 Rxd8 14. Nc3 Nd5 15. Nxd5 Rxd5 16. Be3 Bxf3 17. gxf3 f6 18. c4 Rf5 19. f4 h6 20. Rd1 h5 21. Rd8+ Kh7 22. Rd7 b6 23. Rxa7 b5 24. cxb5 cxb5 25. c6 Rd5 26. c7 1-0

[Event "CFriend Christmas email"]
[Site "Chessfriend.com"]
[Date "2006.12.12"]
[Round "?"]
[White "Obando, Daniel"]
[Black "Jurco, Jan"]
[Result "1/2-1/2"]
[WhiteElo "2066"]
[BlackElo "2147"]
[PlyCount "49"]
[EventDate "2006.??.??"]
[EventType "tourn (corr)"]
[EventRounds "14"]
[EventCountry "GER"]
[SourceTitle "Corr 2011"]
[Source "ChessBase"]
[SourceDate "2010.08.31"]
[SourceVersion "1"]
[SourceVersionDate "2010.08.31"]
[SourceQuality "1"]

1. e4 c5 2. Nf3 d6 3. d4 cxd4 4. Nxd4 Nf6 5. Nc3 a6 6. f3 e6 7. Be3 b5 8. Bd3 Qc7 9. 0-0 b4 10. Nce2 d5 11. e5 Qxe5 12. Bf4 Qh5 13. Ng3 Qh4 14. Qd2 Bc5 15. Kh1 Nh5 16. Nxh5 Qxh5 17. Nb3 Be7 18. Nd4 Bd7 19. Rfe1 Nc6 20. Nxc6 Bxc6 21. Re5 Qh4 22. Qe3 0-0 23. Bg3 Qh6 24. Bf4 Qh4 25. Bg3 1/2-1/2